000 00354nam a2200133Ia 4500
008 240624s9999 xx 000 0 und d
041 _aeng
082 _a338.5024658 TRI
100 _aTRIVEDI M L
245 _aMANAGERIAL ECONOMICS THEORY AND APPLICAT
260 _c2009
_aNew Delhi
_bTata McGraw-Hill
300 _a746 : p. : cm. ; 28
365 _cRS
_b33
999 _c25685
_d25685